01122njm a2200265Ia 450000100060000000300090000600500170001500800410003204000130007304000130008610000170009910000180011610000380013424500190017225000110019126000120020226000560021430000170027030000300028750000470031750503190036451100300068365000620071370000810077599909IT-RoPAU20220918181153.0131025s9999 xx 000 0 und d aIT-RoPAU cIT-RoPAU aKunzel Erich eAutore musica gCodice autore musica SPICS: 34123 aStar Tracks II a1a ed. aAUSTRIA bTELARCc1987 [1a Ed.:1987 - Ed. Lingua Orig.: 1987] aCOMPACT DISC c61 minuti (Testo: 0 pag.) aColonna sonora originale del film omonimo. aWilliams: the Planet Krypton - Silvestri: Back To the Future - Warp Drive - Goldsmith: the Klingon Battle - Horner: Star Trek II - Humpback Whale Song - Rosenman: Star Trek IV - Williams: Space Camp - Horner: Cocoon - Mancini: Lifeforce - Williams: Parade of the Ewoks - Dorsey: Dimensions - Conti: the Right Stuff aCincinnati Pops Orchestra aCOLONNA SONORA [COMPACT DISC]eCodice MATERIA SPICS: 9949 aKunzel EricheAutore testo e musicagCodice autore testo/musica SPICS: 34123